| 000 | 00824nam a22001577a 4500 | ||
|---|---|---|---|
| 003 | OSt | ||
| 005 | 20151221153953.0 | ||
| 008 | 151221b xxu||||| |||| 00| 0 eng d | ||
| 040 | _cRUA | ||
| 082 | _aAED IN 2011 B252 Or.1 | ||
| 100 |
_95271 _aIN, VEASNA. |
||
| 245 | _aThe trail project implementation of communes/sangkat fund under siela programme in puav commune tbeng meanchey district preah vihear province, ការអនុវត្តន៍គម្រោងផ្លូវលំជនបទរបស់មូនិធិឃុំ-សង្កាត់ក្នុងកម្មវិធិសិលានៅឃុំពោធិ៍ ស្រុកត្បែងមានជ័យ ខេត្តព្រះវិហារ | ||
| 260 |
_aPhnom Penh _bRUA _c2011 |
||
| 300 |
_ax; 49p. _bill. _c29cm. |
||
| 942 |
_2ddc _cAED |
||
| 999 |
_c4909 _d4909 |
||